Online
Catalog

Cocina criolla cubana / (Record no. 689)

MARC details
000 -CABECERA
campo de control de longitud fija 00873nam a2200229 a 4500
001 - NÚMERO DE CONTROL
campo de control 000000693
005 - FECHA Y HORA DE LA ÚLTIMA TRANSACCIÓN
campo de control 20240516195916.0
008 - DATOS DE LONGITUD FIJA--INFORMACIÓN GENERAL
campo de control de longitud fija 090422s2006 cu a 000 0 spa d
020 ## - NÚMERO INTERNACIONAL ESTÁNDAR DEL LIBRO
Número Internacional Estándar del Libro 9591105274
020 ## - NÚMERO INTERNACIONAL ESTÁNDAR DEL LIBRO
Número Internacional Estándar del Libro 9789591105271
040 ## - FUENTE DE LA CATALOGACIÓN
Centro catalogador/agencia de origen DO-SdBNP
Lengua de catalogación spa
Centro/agencia transcriptor BNPHU
082 ## - NÚMERO DE LA CLASIFICACIÓN DECIMAL DEWEY
Número de clasificación 641.597291
Número de documento/Ítem C266c
100 1# - ENTRADA PRINCIPAL--NOMBRE DE PERSONA
Nombre de persona Cárdenas Alpízar, Bartolo
9 (RLIN) 2359
245 10 - MENCIÓN DE TÍTULO
Título Cocina criolla cubana /
Mención de responsabilidad, etc. Bartolo Cárdenas Alpízar , Laura Gil Recio ; prólogo de José Luis Santana Guedes.
260 ## - PUBLICACIÓN, DISTRIBUCIÓN, ETC.
Lugar de publicación, distribución, etc. Santiago de Cuba :
Nombre del editor, distribuidor, etc. Editorial Oriente,
Fecha de publicación, distribución, etc. 2006.
300 ## - DESCRIPCIÓN FÍSICA
Extensión 141 p. :
Otras características físicas il. ;
Dimensiones 21 cm.
505 1# - NOTA DE CONTENIDO CON FORMATO
Nota de contenido con formato Sopas, ajiacos y potajes -- Pescados y mariscos -- Pollos -- Carne de res -- Carne de cerdo -- Otros platos -- Arroz -- Postres
650 #4 - PUNTO DE ACCESO ADICIONAL DE MATERIA--TÉRMINO DE MATERIA
Término de materia o nombre geográfico como elemento de entrada Cocina cubana
9 (RLIN) 2360
650 #0 - PUNTO DE ACCESO ADICIONAL DE MATERIA--TÉRMINO DE MATERIA
Término de materia o nombre geográfico como elemento de entrada Gastronomía
9 (RLIN) 362
700 1# - PUNTO DE ACCESO ADICIONAL--NOMBRE DE PERSONA
Nombre de persona Gil Recio, Laura
9 (RLIN) 2361
700 1# - PUNTO DE ACCESO ADICIONAL--NOMBRE DE PERSONA
Nombre de persona Santana Guedes, José Luis,
Término indicativo de función/relación pról.
9 (RLIN) 2362
Holdings
Estado de retiro Estado de pérdida Restricciones de uso No para préstamo Código de colección Localización permanente Ubicación/localización actual Ubicación en estantería Fecha de adquisición Número de inventario Total de préstamos Signatura topográfica completa Código de barras Fecha visto por última vez Precio válido a partir de Tipo de ítem Koha
    Préstamo en sala   Dominicana de Servicio Biblioteca Nacional Pedro Henríquez Ureña Biblioteca Nacional Pedro Henríquez Ureña Depósito 25.08.2009 LF1   641.597291 C266c 693-10 25.06.2020 25.06.2020 Libros y folletos

Powered by Koha